Historia de la conquista de México / Don Antonio de Solís

Kaydedildi:
Detaylı Bibliyografya
Yazar: Solís, Antonio de (autor)
Materyal Türü: Kitap
Konular:
Etiketler: Etiketle
Etiket eklenmemiş, İlk siz ekleyin!

MARC

LEADER 00000nam^a2200000^u^4500
001 000544678
005 20250521000000.0
008 060220s1000^^^^^^^^^^^^r^^^^^000^0^spa^d
009 20260310131333.073
022 |a 9686406611 
035 |a FMI 000013906 
037 |a Acervo Xavier Clavigero 
096 |a 3.5/72/A 
100 |a Solís, Antonio de  |e (autor) 
245 1 0 |a Historia de la conquista de México / Don Antonio de Solís 
264 |a México : Editorial del Valle de México, [19--] 
300 |a 568 p. 
336 |a texto  |b txt  |2 rdacontenido 
337 |a sin mediación  |b n  |2 rdamedio 
338 |a volumen  |b nc  |2 rdasoporte 
597 |a La biblioteca posee el v. 1 
649 |a XX 
650 |a Historia de México 
910 |a Fondo Francisco Migoya Covarrubias S.J. 
920 |a Impresos - Libros 
930 |a Fondos Especiales 
905 |a 134 
901 |a SBC00293  |b IT2  |c ESP  |u 20250521 
902 |a https://opac.biblio.iteso.mx/vufind/Record/000544678